000 00622nam a2200217 i 4500
001 186412
003 ES-MaACL
005 20250310063126.0
008 161108s2006 sp |||| | spa d
020 _a84-8374-592-5
080 _a821.134.2-14"19"
100 1 _aCortijo, César,
_d1965-
_9161060
245 1 3 _aLa reina oscuridad /
_cCésar Cortijo.
250 _a1ª ed.
260 _aMadrid :
_bHuerga y Fierro,
_c2006.
300 _a76 p. ;
_c22 cm.
490 1 _aPoesía
830 0 _aPoesía
_9177794
852 _aES-MaACL
_jE-6553
_z. - Dedicatoria autógrafa del autor
999 _c186412
_d186412